00334nam a2200133Ia 450000500170000000800410001702000150005808200130007310000150008624500140010126000400011530000130015550000320016820250703032215.0240331s9999 xx 000 0 und d a9552002257 bDESa891 aDe Silva,S 0aAta massa aColombobS. Godage & Brothersc1991 a384 p ., aTranslation of The Gadfly